Southville International School and Colleges
Your cart is empty.
  • Cart
  • Lists
    Public lists Eva Luna New books Lux_list list_1
    Your lists Log in to create your own lists
  • Log in to your account
  • Your cookies
  • Search history
Southville International School and Colleges
  • Advanced search
  • Recent comments
  • Most popular
  • Libraries

Log in to your account

Log in with GOOGLE


If you do not have an external account, but do have a local account, you can still log in:

  1. Home
  2. MARC view: The end of the European era, 1890 to the present.
Normal view MARC view ISBD view

The end of the European era, 1890 to the present. (Record no. 9530)

[ view plain ]
MARC details
000 -LEADER
fixed length control field 00837cam a2200301 4500
001 - CONTROL NUMBER
control field 3153175
003 - CONTROL NUMBER IDENTIFIER
control field OSt
005 - DATE AND TIME OF LATEST TRANSACTION
control field 20140310182120.0
008 - FIXED-LENGTH DATA ELEMENTS--GENERAL INFORMATION
fixed length control field 700916s1970 nyuabc b 001 0 eng
010 ## - LIBRARY OF CONGRESS CONTROL NUMBER
LC control number 74095536
020 ## - INTERNATIONAL STANDARD BOOK NUMBER
International Standard Book Number 0393054136
040 ## - CATALOGING SOURCE
Original cataloging agency DLC
Transcribing agency DLC
Modifying agency DLC
043 ## - GEOGRAPHIC AREA CODE
Geographic area code e------
050 00 - LIBRARY OF CONGRESS CALL NUMBER
Classification number D 443
Item number .G473 1970
082 00 - DEWEY DECIMAL CLASSIFICATION NUMBER
Classification number HS 940
Item number .G37 1970
100 1# - MAIN ENTRY--PERSONAL NAME
Personal name Gilbert, Felix,
Dates associated with a name 1905-1991.
9 (RLIN) 13996
245 14 - TITLE STATEMENT
Title The end of the European era, 1890 to the present.
260 ## - PUBLICATION, DISTRIBUTION, ETC. (IMPRINT)
Place of publication, distribution, etc New York :
Name of publisher, distributor, etc Norton,
Date of publication, distribution, etc c1970.
300 ## - PHYSICAL DESCRIPTION
Extent xii, 426 p.
Other physical details illus., maps, ports.
Dimensions 20 cm.
350 ## - PRICE (NR) (BK AM CF MU VM SE) [OBSOLETE]
Price 7.50
490 0# - SERIES STATEMENT
Series statement The Norton history of modern Europe
504 ## - BIBLIOGRAPHY, ETC. NOTE
Bibliography, etc Bibliography:
541 ## - IMMEDIATE SOURCE OF ACQUISITION NOTE
-- 1
562 ## - COPY AND VERSION IDENTIFICATION NOTE
Number of copies 1
650 #0 - SUBJECT ADDED ENTRY--TOPICAL TERM
Topical term or geographic name as entry element Europe,
General subdivision History.
9 (RLIN) 13997
906 ## - LOCAL DATA ELEMENT F, LDF (RLIN)
a 7
b cbc
c orignew
d 2
e ncip
f 19
g y-gencatlg
942 ## - ADDED ENTRY ELEMENTS (KOHA)
Source of classification or shelving scheme Library of Congress Classification
Koha item type
Holdings
Withdrawn status Lost status Source of classification or shelving scheme Damaged status Home library Current library Shelving location Date acquired Total Checkouts Full call number Barcode Date last seen Copy number Price effective from Koha item type
    Library of Congress Classification   Luxembourg Library Luxembourg Library High School Section 08/27/2013   D 443 .G473 1970 9870 08/27/2013 1 08/27/2013 Books

The end of the European era, 1890 to the present.

APA

Gilbert F., . (1970). The end of the European era, 1890 to the present. New York: Norton.

Chicago

Gilbert Felix, . 1970. The end of the European era, 1890 to the present. New York: Norton.

Harvard

Gilbert F., . (1970). The end of the European era, 1890 to the present. New York: Norton.

MLA

Gilbert Felix, . The end of the European era, 1890 to the present. New York: Norton. 1970.

  • Place hold
  • Print
  • Cite
  • Add to your cart (remove)
  • Save record
    BIBTEX Dublin Core MARCXML MARC (non-Unicode/MARC-8) MARC (Unicode/UTF-8) MARC (Unicode/UTF-8, Standard) MODS (XML) RIS
  • More searches
    Search for this title in:
    Other Libraries (WorldCat) Other Databases (Google Scholar) Online Stores (Bookfinder.com) Open Library (openlibrary.org)

Exporting to Dublin Core...

SOUTHVILLE LIBRARY

Southville International School and Colleges Library

1281 Tropical Ave. Cor. Luxembourg St., BF Homes International, Las Pinas City

Tel. No. 8256374 / 252358 Loc. 117/146

Powered by Koha